[Event "Russian Blitz Championship (m)"]
[Site "Sochi"]
[Date "2022.10.14"]
[Round "9.17"]
[White "Iljiushenok, Ilia"]
[Black "Salemgareev, Tagir"]
[Result "1-0"]
[BlackElo "2366"]
[WhiteElo "2467"]
[LiveChessVersion "1.4.8"]

1. e4 {[%clk 0:03:02]} c5 {[%clk 0:03:03]} 2. Nf3 {[%clk 0:03:03]} d6
{[%clk 0:03:04]} 3. d4 {[%clk 0:03:04]} cxd4 {[%clk 0:03:05]} 4. Nxd4
{[%clk 0:03:04]} Nf6 {[%clk 0:03:05]} 5. f3 {[%clk 0:03:06]} e5 {[%clk 0:03:01]}
6. Nb3 {[%clk 0:03:06]} d5 {[%clk 0:03:02]} 7. Bg5 {[%clk 0:03:07]} d4
{[%clk 0:03:03]} 8. c3 {[%clk 0:03:07]} Nc6 {[%clk 0:03:04]} 9. cxd4
{[%clk 0:03:01]} exd4 {[%clk 0:03:04]} 10. Bb5 {[%clk 0:02:58]} Bb4+
{[%clk 0:03:04]} 11. Bd2 {[%clk 0:02:49]} Be7 {[%clk 0:02:59]} 12. Ba5
{[%clk 0:02:42]} Qd7 {[%clk 0:02:28]} 13. Nxd4 {[%clk 0:02:41]} a6
{[%clk 0:02:29]} 14. Bxc6 {[%clk 0:02:39]} bxc6 {[%clk 0:02:29]} 15. Nc3
{[%clk 0:01:48]} O-O {[%clk 0:02:16]} 16. Nf5 {[%clk 0:01:25]} Bc5
{[%clk 0:02:14]} 17. Qxd7 {[%clk 0:01:15]} Bxd7 {[%clk 0:02:15]} 18. O-O-O
{[%clk 0:01:16]} Bxf5 {[%clk 0:01:44]} 19. exf5 {[%clk 0:01:17]} Rfe8
{[%clk 0:01:45]} 20. Rhe1 {[%clk 0:01:15]} Be3+ {[%clk 0:01:01]} 21. Kc2
{[%clk 0:01:15]} c5 {[%clk 0:01:02]} 22. Ne4 {[%clk 0:00:54]} Bd4
{[%clk 0:00:51]} 23. Bc3 {[%clk 0:00:32]} Bxc3 {[%clk 0:00:06]} 24. Kxc3
{[%clk 0:00:33]} h5 {[%clk 0:00:03]} 25. Rd6 {[%clk 0:00:24]} Kh8
{[%clk 0:00:03]} 26. b3 {[%clk 0:00:20]} Re5 {[%clk 0:00:04]} 27. Kd3
{[%clk 0:00:06]} Rae8 {[%clk 0:00:03]} 28. Rxa6 {[%clk 0:00:07]} Rxf5
{[%clk 0:00:03]} 29. Re2 {[%clk 0:00:05]} Rd5+ {[%clk 0:00:03]} 30. Kc3
{[%clk 0:00:06]} Rd4 {[%clk 0:00:03]} 31. Ra4 {[%clk 0:00:06]} Nd5+
{[%clk 0:00:03]} 32. Kb2 {[%clk 0:00:05]} Nb4 {[%clk 0:00:04]} 33. a3
{[%clk 0:00:04]} Nd3+ {[%clk 0:00:05]} 34. Kc3 {[%clk 0:00:06]} Nf4
{[%clk 0:00:06]} 35. Rd2 {[%clk 0:00:06]} Nd5+ {[%clk 0:00:07]} 36. Kc2
{[%clk 0:00:06]} Ne3+ {[%clk 0:00:07]} 37. Kc1 {[%clk 0:00:07]} f5
{[%clk 0:00:08]} 38. Nd6 Re6 {[%clk 0:00:08]} 39. Rdxd4 {[%clk 0:00:07]} cxd4
{[%clk 0:00:08]} 40. Rxd4 {[%clk 0:00:08]} Nxg2 {[%clk 0:00:08]} 41. Nxf5
{[%clk 0:00:10]} Ne1 {[%clk 0:00:06]} 42. f4 {[%clk 0:00:08]} Nf3
{[%clk 0:00:06]} 43. Rd8+ {[%clk 0:00:09]} Kh7 {[%clk 0:00:07]} 44. Rd7
{[%clk 0:00:10]} Rf6 {[%clk 0:00:07]} 45. Rxg7+ {[%clk 0:00:08]} Kh8
{[%clk 0:00:08]} 46. Rg3 {[%clk 0:00:10]} Nxh2 {[%clk 0:00:06]} 47. Rh3
{[%clk 0:00:07]} Rxf5 {[%clk 0:00:05]} 48. Rxh2 {[%clk 0:00:08]} Kg7
{[%clk 0:00:07]} 49. Rg2+ {[%clk 0:00:04]} Kf6 {[%clk 0:00:08]} 50. Rg5
{[%clk 0:00:05]} Rxg5 {[%clk 0:00:03]} 51. fxg5+ {[%clk 0:00:06]} Kxg5
{[%clk 0:00:04]} 52. Kd2 {[%clk 0:00:08]} Kg4 {[%clk 0:00:05]} 53. Ke2
{[%clk 0:00:09]} Kg3 {[%clk 0:00:06]} 54. Kf1 {[%clk 0:00:10]} 1-0

[Event "Russian Blitz Championship (m)"]
[Site "Sochi"]
[Date "2022.10.14"]
[Round "9.18"]
[White "Dzhumagaliev, Yan"]
[Black "Lesovoi, Evgenij"]
[Result "0-1"]
[BlackElo "2339"]
[WhiteElo "2507"]
[LiveChessVersion "1.4.8"]

1. d4 {[%clk 0:03:04]} Nf6 {[%clk 0:03:02]} 2. Nf3 {[%clk 0:03:04]} e6
{[%clk 0:03:02]} 3. c4 {[%clk 0:03:05]} b6 {[%clk 0:03:03]} 4. g3
{[%clk 0:03:05]} Ba6 {[%clk 0:03:02]} 5. Nbd2 {[%clk 0:02:53]} c5
{[%clk 0:02:58]} 6. Bg2 {[%clk 0:02:51]} Bb7 {[%clk 0:02:56]} 7. Nb3
{[%clk 0:02:31]} cxd4 {[%clk 0:02:46]} 8. O-O {[%clk 0:02:23]} Be7
{[%clk 0:02:44]} 9. Nbxd4 {[%clk 0:02:14]} O-O {[%clk 0:02:39]} 10. Bf4
{[%clk 0:02:13]} a6 {[%clk 0:02:09]} 11. Rc1 {[%clk 0:02:02]} d6 {[%clk 0:02:07]}
12. Bg5 {[%clk 0:01:46]} Nbd7 {[%clk 0:02:06]} 13. e3 {[%clk 0:01:15]} Rc8
{[%clk 0:01:50]} 14. Qe2 {[%clk 0:01:13]} Qc7 {[%clk 0:01:48]} 15. Rfd1
{[%clk 0:01:09]} Rfd8 {[%clk 0:01:42]} 16. Bh3 {[%clk 0:00:53]} Nf8
{[%clk 0:01:35]} 17. Bg2 {[%clk 0:00:41]} N8d7 {[%clk 0:01:31]} 18. b3
{[%clk 0:00:41]} Nc5 {[%clk 0:01:25]} 19. Nd2 {[%clk 0:00:28]} h6
{[%clk 0:01:15]} 20. Bxf6 {[%clk 0:00:29]} Bxf6 {[%clk 0:01:16]} 21. b4
{[%clk 0:00:25]} Nd7 {[%clk 0:01:06]} 22. N2b3 {[%clk 0:00:21]} Bxd4
{[%clk 0:00:51]} 23. exd4 {[%clk 0:00:21]} Bxg2 24. Kxg2 {[%clk 0:00:22]} b5
{[%clk 0:00:41]} 25. c5 {[%clk 0:00:22]} Nf6 {[%clk 0:00:37]} 26. Qf3
{[%clk 0:00:20]} Nd5 {[%clk 0:00:37]} 27. a3 {[%clk 0:00:22]} Qd7
{[%clk 0:00:32]} 28. h4 {[%clk 0:00:22]} Ne7 {[%clk 0:00:25]} 29. Na5
{[%clk 0:00:19]} Rc7 {[%clk 0:00:22]} 30. cxd6 {[%clk 0:00:14]} Rxc1
{[%clk 0:00:13]} 31. dxe7 {[%clk 0:00:14]} Rdc8 {[%clk 0:00:12]} 32. Rxc1
{[%clk 0:00:08]} Rxc1 {[%clk 0:00:14]} 33. Qb7 {[%clk 0:00:06]} Qe8
{[%clk 0:00:09]} 34. d5 {[%clk 0:00:06]} exd5 {[%clk 0:00:09]} 35. Kh2
{[%clk 0:00:04]} d4 {[%clk 0:00:09]} 36. Nb3 {[%clk 0:00:05]} Rc2 37. Kg1 Rxf2
{[%clk 0:00:11]} 38. Nxd4 {[%clk 0:00:08]} Re2 {[%clk 0:00:12]} 39. Qxa6
{[%clk 0:00:09]} Rxe7 40. Kg2 {[%clk 0:00:11]} Re1 {[%clk 0:00:12]} 41. Kf2
{[%clk 0:00:09]} Qe3+ {[%clk 0:00:13]} 42. Kg2 {[%clk 0:00:10]} 0-1

[Event "Russian Blitz Championship (m)"]
[Site "Sochi"]
[Date "2022.10.14"]
[Round "9.19"]
[White "Moiseenko, Vadim"]
[Black "Oganian, Miran"]
[Result "1-0"]
[BlackElo "2339"]
[WhiteElo "2492"]
[LiveChessVersion "1.4.8"]

1. e4 {[%clk 0:03:03]} c5 {[%clk 0:03:04]} 2. c3 {[%clk 0:03:04]} d5
{[%clk 0:03:00]} 3. exd5 {[%clk 0:03:05]} Qxd5 {[%clk 0:03:01]} 4. Nf3
{[%clk 0:03:06]} Nc6 {[%clk 0:03:03]} 5. Be2 {[%clk 0:03:07]} Bf5
{[%clk 0:03:02]} 6. O-O {[%clk 0:03:07]} e6 {[%clk 0:03:03]} 7. d4
{[%clk 0:03:08]} cxd4 {[%clk 0:03:01]} 8. Nxd4 {[%clk 0:03:09]} Nxd4
{[%clk 0:02:32]} 9. cxd4 {[%clk 0:03:09]} Bxb1 {[%clk 0:02:28]} 10. Qa4+
{[%clk 0:02:58]} Kd8 {[%clk 0:02:00]} 11. Rxb1 {[%clk 0:02:58]} Nf6
{[%clk 0:01:59]} 12. Bf4 {[%clk 0:02:46]} Qc6 {[%clk 0:01:33]} 13. Qb3
{[%clk 0:02:14]} Nd5 {[%clk 0:01:28]} 14. Bf3 {[%clk 0:02:11]} Qd7
{[%clk 0:00:52]} 15. Bg3 {[%clk 0:02:10]} a5 {[%clk 0:00:19]} 16. Bxd5
{[%clk 0:01:21]} Qxd5 {[%clk 0:00:20]} 17. Qb6+ {[%clk 0:01:22]} Ke8
{[%clk 0:00:22]} 18. Rbc1 {[%clk 0:01:19]} Be7 {[%clk 0:00:21]} 19. Rfe1
{[%clk 0:01:19]} Bd8 {[%clk 0:00:11]} 20. Bc7 {[%clk 0:01:20]} Ra6
{[%clk 0:00:04]} 21. Qc5 {[%clk 0:01:04]} Qxc5 {[%clk 0:00:04]} 22. Rxc5
{[%clk 0:01:05]} Kd7 {[%clk 0:00:04]} 23. Be5 {[%clk 0:00:47]} f6
{[%clk 0:00:04]} 24. Bf4 {[%clk 0:00:48]} Bb6 {[%clk 0:00:03]} 25. Rb5
{[%clk 0:00:43]} Kc6 {[%clk 0:00:03]} 26. a4 {[%clk 0:00:43]} Kd7
{[%clk 0:00:05]} 27. h4 {[%clk 0:00:31]} Rc8 {[%clk 0:00:05]} 28. Re3
{[%clk 0:00:25]} Rc4 {[%clk 0:00:05]} 29. Reb3 {[%clk 0:00:26]} Bxd4
{[%clk 0:00:03]} 30. Rxb7+ Kc6 31. Rc7+ Kd5 32. Rb5+ {[%clk 0:00:23]} Rc5
{[%clk 0:00:08]} 33. Rcxc5+ {[%clk 0:00:20]} Bxc5 {[%clk 0:00:08]} 34. Be3
{[%clk 0:00:21]} Rc6 {[%clk 0:00:09]} 35. Rxa5 {[%clk 0:00:21]} Kc4
{[%clk 0:00:10]} 36. b3+ {[%clk 0:00:13]} Kxb3 {[%clk 0:00:04]} 37. Rxc5
{[%clk 0:00:14]} Rxc5 {[%clk 0:00:05]} 38. Bxc5 Kxa4 {[%clk 0:00:06]} 39. Kh2
{[%clk 0:00:08]} Kb5 {[%clk 0:00:07]} 40. Bf8 {[%clk 0:00:09]} g6
{[%clk 0:00:08]} 41. Kg3 {[%clk 0:00:11]} Kc6 {[%clk 0:00:09]} 42. Bg7
{[%clk 0:00:12]} f5 {[%clk 0:00:10]} 43. Kf4 {[%clk 0:00:13]} Kd5
{[%clk 0:00:11]} 44. g3 {[%clk 0:00:13]} Kd6 {[%clk 0:00:11]} 45. Kg5
{[%clk 0:00:12]} Ke7 {[%clk 0:00:10]} 46. Be5 {[%clk 0:00:12]} Kf7
{[%clk 0:00:12]} 47. Kh6 Kg8 48. f3 {[%clk 0:00:14]} 1-0

[Event "Russian Blitz Championship (m)"]
[Site "Sochi"]
[Date "2022.10.14"]
[Round "9.20"]
[White "Smagin, Sergey"]
[Black "Vlasenko, Miroslav"]
[Result "1-0"]
[BlackElo "2319"]
[WhiteElo "2451"]
[LiveChessVersion "1.4.8"]

1. e4 {[%clk 0:03:03]} Nc6 {[%clk 0:03:04]} 2. Nc3 {[%clk 0:03:02]} e6
{[%clk 0:03:04]} 3. d4 {[%clk 0:02:53]} Bb4 {[%clk 0:03:04]} 4. a3
{[%clk 0:02:38]} Bxc3+ 5. bxc3 d6 {[%clk 0:03:04]} 6. Nf3 {[%clk 0:02:40]} Nf6
{[%clk 0:03:03]} 7. Bd3 {[%clk 0:02:39]} e5 {[%clk 0:03:03]} 8. h3
{[%clk 0:02:39]} h6 {[%clk 0:02:58]} 9. O-O {[%clk 0:02:39]} O-O {[%clk 0:02:54]}
10. Re1 {[%clk 0:02:40]} Re8 {[%clk 0:02:52]} 11. a4 {[%clk 0:02:39]} b6
{[%clk 0:02:42]} 12. Bb2 {[%clk 0:02:15]} Bd7 {[%clk 0:02:22]} 13. Nd2
{[%clk 0:02:15]} Ne7 {[%clk 0:02:16]} 14. Nf1 {[%clk 0:02:15]} Ng6
{[%clk 0:02:13]} 15. Ng3 {[%clk 0:02:16]} a5 {[%clk 0:02:06]} 16. Bc1
{[%clk 0:01:58]} Bc6 {[%clk 0:02:02]} 17. d5 {[%clk 0:01:58]} Bd7
{[%clk 0:02:03]} 18. c4 {[%clk 0:01:47]} Rf8 {[%clk 0:01:47]} 19. Nf5
{[%clk 0:01:41]} Qe8 {[%clk 0:01:42]} 20. c3 {[%clk 0:01:33]} Nh7
{[%clk 0:01:33]} 21. Bc2 {[%clk 0:01:34]} Nf6 {[%clk 0:01:16]} 22. Qf3
{[%clk 0:01:27]} Bxf5 {[%clk 0:01:13]} 23. exf5 {[%clk 0:01:15]} Ne7
{[%clk 0:01:11]} 24. Qg3 {[%clk 0:01:04]} Kh8 {[%clk 0:01:01]} 25. Qh4
{[%clk 0:01:05]} Neg8 {[%clk 0:00:49]} 26. Re3 {[%clk 0:00:59]} Nh7
{[%clk 0:00:39]} 27. Rg3 {[%clk 0:01:00]} Qe7 {[%clk 0:00:32]} 28. Qg4
{[%clk 0:00:59]} f6 {[%clk 0:00:28]} 29. h4 {[%clk 0:00:56]} Qf7 {[%clk 0:00:26]}
30. Be3 {[%clk 0:00:47]} Ne7 {[%clk 0:00:23]} 31. Be4 {[%clk 0:00:46]} Rfc8
{[%clk 0:00:19]} 32. Qf3 {[%clk 0:00:29]} Rab8 {[%clk 0:00:17]} 33. Kh2
{[%clk 0:00:27]} Qe8 {[%clk 0:00:18]} 34. Qg4 {[%clk 0:00:25]} Qf7
{[%clk 0:00:19]} 35. Rh1 {[%clk 0:00:25]} c6 {[%clk 0:00:18]} 36. dxc6
{[%clk 0:00:24]} Nxc6 {[%clk 0:00:17]} 37. Bd5 {[%clk 0:00:19]} Qf8
{[%clk 0:00:18]} 38. Rb1 {[%clk 0:00:17]} Ne7 {[%clk 0:00:16]} 39. Bxb6
{[%clk 0:00:14]} Nxd5 {[%clk 0:00:15]} 40. cxd5 {[%clk 0:00:15]} Re8
{[%clk 0:00:13]} 41. Rb5 {[%clk 0:00:16]} Qe7 {[%clk 0:00:10]} 42. Bxa5
{[%clk 0:00:15]} Ra8 {[%clk 0:00:12]} 43. Qb4 {[%clk 0:00:08]} Ra7
{[%clk 0:00:08]} 44. Bb6 {[%clk 0:00:08]} Raa8 {[%clk 0:00:07]} 45. a5
{[%clk 0:00:10]} Qd7 46. Qg4 {[%clk 0:00:09]} Re7 {[%clk 0:00:09]} 47. Rb4
{[%clk 0:00:10]} Qb7 {[%clk 0:00:09]} 48. c4 {[%clk 0:00:11]} Qd7
{[%clk 0:00:10]} 49. c5 {[%clk 0:00:09]} dxc5 {[%clk 0:00:11]} 50. Bxc5
{[%clk 0:00:10]} Rf7 {[%clk 0:00:12]} 51. Bb6 {[%clk 0:00:11]} Qxd5
{[%clk 0:00:12]} 52. Rc4 {[%clk 0:00:12]} Rg8 {[%clk 0:00:10]} 53. Rc5
{[%clk 0:00:13]} Qd6 {[%clk 0:00:10]} 54. Rgc3 {[%clk 0:00:14]} e4+
{[%clk 0:00:10]} 55. Qg3 {[%clk 0:00:15]} Qd2 {[%clk 0:00:09]} 56. Qe3
{[%clk 0:00:14]} Qb2 {[%clk 0:00:08]} 57. Rc8 {[%clk 0:00:15]} Rff8
{[%clk 0:00:09]} 58. R8c7 {[%clk 0:00:16]} Re8 {[%clk 0:00:09]} 59. Rd7
{[%clk 0:00:15]} Nf8 {[%clk 0:00:09]} 60. Ra7 {[%clk 0:00:14]} Qb5
{[%clk 0:00:09]} 61. Rcc7 {[%clk 0:00:15]} Qxf5 {[%clk 0:00:09]} 62. Qg3
{[%clk 0:00:15]} Ne6 {[%clk 0:00:10]} 63. Rd7 {[%clk 0:00:13]} Qb5
{[%clk 0:00:06]} 64. Rab7 {[%clk 0:00:11]} Qc6 {[%clk 0:00:06]} 65. Be3
{[%clk 0:00:11]} Qa6 {[%clk 0:00:05]} 66. Ra7 {[%clk 0:00:12]} Qc6
{[%clk 0:00:07]} 67. a6 {[%clk 0:00:14]} f5 {[%clk 0:00:07]} 68. Bd4
{[%clk 0:00:11]} Nxd4 {[%clk 0:00:08]} 69. Rxg7 {[%clk 0:00:11]} 1-0

[Event "Russian Blitz Championship (m)"]
[Site "Sochi"]
[Date "2022.10.14"]
[Round "10.1"]
[White "Artemiev, Vladislav"]
[Black "Dobrov, Vladimir"]
[Result "1-0"]
[BlackElo "2575"]
[WhiteElo "2832"]
[LiveChessVersion "1.4.8"]

1. Nf3 {[%clk 0:03:00]} Nf6 {[%clk 0:03:02]} 2. g3 {[%clk 0:03:01]} g6
{[%clk 0:03:02]} 3. Bg2 {[%clk 0:03:01]} Bg7 {[%clk 0:03:02]} 4. O-O
{[%clk 0:03:00]} d5 {[%clk 0:02:54]} 5. c4 {[%clk 0:02:56]} c6 {[%clk 0:02:49]}
6. b3 {[%clk 0:02:50]} O-O {[%clk 0:02:48]} 7. Bb2 {[%clk 0:02:51]} Bg4
{[%clk 0:02:19]} 8. d3 {[%clk 0:02:47]} Bxf3 {[%clk 0:02:07]} 9. Bxf3
{[%clk 0:02:47]} Nbd7 {[%clk 0:02:07]} 10. Bg2 {[%clk 0:02:39]} e5
{[%clk 0:01:53]} 11. cxd5 {[%clk 0:02:38]} cxd5 {[%clk 0:01:42]} 12. Nc3
{[%clk 0:02:38]} Nb6 {[%clk 0:01:28]} 13. a4 {[%clk 0:02:36]} Qd7
{[%clk 0:01:21]} 14. Qd2 {[%clk 0:02:17]} Rfe8 {[%clk 0:01:10]} 15. Rfc1
{[%clk 0:02:13]} a6 {[%clk 0:00:36]} 16. a5 {[%clk 0:02:08]} Nc8 {[%clk 0:00:37]}
17. Na4 {[%clk 0:02:09]} Nd6 {[%clk 0:00:38]} 18. Nb6 {[%clk 0:02:10]} Qe6
{[%clk 0:00:28]} 19. Nxa8 {[%clk 0:02:09]} Rxa8 {[%clk 0:00:29]} 20. Rc5
{[%clk 0:02:05]} Bf8 {[%clk 0:00:28]} 21. Rac1 {[%clk 0:01:54]} Rb8
{[%clk 0:00:28]} 22. Qg5 {[%clk 0:01:10]} Nf5 {[%clk 0:00:20]} 23. e4
{[%clk 0:01:05]} dxe4 {[%clk 0:00:09]} 24. Rxe5 {[%clk 0:01:02]} Qxb3
{[%clk 0:00:08]} 25. Rxf5 {[%clk 0:00:57]} Qxb2 {[%clk 0:00:09]} 26. Rxf6
{[%clk 0:00:56]} Be7 {[%clk 0:00:06]} 27. Qf4 {[%clk 0:00:55]} Bxf6 28. Qxb8+ 1-0

[Event "Russian Blitz Championship (m)"]
[Site "Sochi"]
[Date "2022.10.14"]
[Round "10.2"]
[White "Sjugirov, Sanan"]
[Black "Pridorozhni, Aleksei"]
[Result "0-1"]
[BlackElo "2581"]
[WhiteElo "2609"]
[LiveChessVersion "1.4.8"]

1. e4 {[%clk 0:03:02]} c5 {[%clk 0:03:03]} 2. Nf3 {[%clk 0:03:02]} e6
{[%clk 0:03:04]} 3. d4 {[%clk 0:03:02]} cxd4 {[%clk 0:03:05]} 4. Nxd4
{[%clk 0:03:03]} Nf6 {[%clk 0:03:05]} 5. Nc3 {[%clk 0:02:57]} Nc6
{[%clk 0:03:06]} 6. Ndb5 {[%clk 0:02:56]} Bc5 {[%clk 0:03:06]} 7. Nd6+
{[%clk 0:02:54]} Ke7 {[%clk 0:03:07]} 8. Bf4 {[%clk 0:02:54]} e5 {[%clk 0:03:07]}
9. Nf5+ {[%clk 0:02:54]} Kf8 {[%clk 0:03:08]} 10. Bg5 {[%clk 0:02:46]} h6
{[%clk 0:03:06]} 11. Bxf6 {[%clk 0:02:45]} Qxf6 {[%clk 0:03:07]} 12. Nd5
{[%clk 0:02:34]} Qd8 {[%clk 0:03:08]} 13. c3 {[%clk 0:02:29]} g6 {[%clk 0:03:03]}
14. Nfe3 {[%clk 0:02:30]} a6 {[%clk 0:03:03]} 15. b4 {[%clk 0:02:27]} Ba7
{[%clk 0:03:03]} 16. Bc4 {[%clk 0:02:26]} Kg7 {[%clk 0:03:02]} 17. O-O
{[%clk 0:02:26]} d6 {[%clk 0:03:03]} 18. a4 {[%clk 0:02:19]} Rf8 {[%clk 0:03:02]}
19. Kh1 {[%clk 0:02:04]} Be6 {[%clk 0:02:59]} 20. Qd3 {[%clk 0:02:03]} Rc8
{[%clk 0:02:48]} 21. g3 {[%clk 0:01:36]} Ne7 {[%clk 0:02:22]} 22. Nxe7
{[%clk 0:01:22]} Qxe7 {[%clk 0:02:23]} 23. Nd5 {[%clk 0:01:15]} Bxd5
{[%clk 0:02:10]} 24. Bxd5 {[%clk 0:01:15]} f5 {[%clk 0:02:10]} 25. f3
{[%clk 0:01:06]} Rc7 {[%clk 0:02:02]} 26. a5 {[%clk 0:01:02]} Rfc8
{[%clk 0:01:53]} 27. Rac1 {[%clk 0:00:54]} Qf6 {[%clk 0:01:51]} 28. Rc2
{[%clk 0:00:50]} h5 {[%clk 0:01:48]} 29. c4 {[%clk 0:00:34]} f4 {[%clk 0:01:21]}
30. gxf4 {[%clk 0:00:24]} Qxf4 {[%clk 0:01:20]} 31. Rg2 {[%clk 0:00:24]} Bd4
{[%clk 0:01:13]} 32. Qd2 {[%clk 0:00:14]} Qxd2 {[%clk 0:00:59]} 33. Rxd2
{[%clk 0:00:16]} Bc3 {[%clk 0:00:59]} 34. Rg2 {[%clk 0:00:16]} Kh6
{[%clk 0:00:59]} 35. Rb1 {[%clk 0:00:11]} Rf8 {[%clk 0:00:57]} 36. Rg3
{[%clk 0:00:08]} h4 {[%clk 0:00:49]} 37. Rh3 {[%clk 0:00:08]} Rf4
{[%clk 0:00:49]} 38. Kg2 {[%clk 0:00:05]} g5 {[%clk 0:00:49]} 39. Be6
{[%clk 0:00:04]} Rf6 {[%clk 0:00:46]} 40. Bd5 {[%clk 0:00:05]} Bd2
{[%clk 0:00:46]} 41. Rb3 {[%clk 0:00:05]} Bf4 {[%clk 0:00:47]} 42. Kf2
{[%clk 0:00:05]} Rf8 {[%clk 0:00:47]} 43. Ke2 {[%clk 0:00:07]} Re8
{[%clk 0:00:43]} 44. Kd3 {[%clk 0:00:08]} Kh5 {[%clk 0:00:42]} 45. Ke2
{[%clk 0:00:06]} Ree7 {[%clk 0:00:36]} 46. Bg8 {[%clk 0:00:05]} Kg6
{[%clk 0:00:33]} 47. Bd5 {[%clk 0:00:06]} Kg7 {[%clk 0:00:33]} 48. Kd3
{[%clk 0:00:07]} Kf8 {[%clk 0:00:34]} 49. Rb1 {[%clk 0:00:08]} Ke8
{[%clk 0:00:35]} 50. Kc3 {[%clk 0:00:04]} Kd8 {[%clk 0:00:34]} 51. Kd3
{[%clk 0:00:05]} Kc8 {[%clk 0:00:35]} 52. Ra1 {[%clk 0:00:03]} Kb8
{[%clk 0:00:35]} 53. Rb1 {[%clk 0:00:04]} Rc8 {[%clk 0:00:34]} 54. Ra1
{[%clk 0:00:05]} Ka7 {[%clk 0:00:34]} 55. Rb1 {[%clk 0:00:05]} Rec7
{[%clk 0:00:32]} 56. Ra1 {[%clk 0:00:06]} Rb8 {[%clk 0:00:33]} 57. b5
{[%clk 0:00:04]} axb5 {[%clk 0:00:23]} 58. cxb5 {[%clk 0:00:05]} b6
{[%clk 0:00:21]} 59. a6 {[%clk 0:00:04]} Rbc8 {[%clk 0:00:22]} 60. Bc6
{[%clk 0:00:04]} Rxc6 {[%clk 0:00:22]} 61. bxc6 {[%clk 0:00:05]} Rxc6
{[%clk 0:00:23]} 62. Ra2 {[%clk 0:00:05]} b5 {[%clk 0:00:23]} 63. Ra5
{[%clk 0:00:07]} b4 {[%clk 0:00:20]} 64. Rb5 {[%clk 0:00:07]} Rc3+
{[%clk 0:00:21]} 65. Ke2 {[%clk 0:00:09]} b3 {[%clk 0:00:21]} 0-1

[Event "Russian Blitz Championship (m)"]
[Site "Sochi"]
[Date "2022.10.14"]
[Round "10.3"]
[White "Tsydypov, Zhamsaran"]
[Black "Alekseev, Evgeny"]
[Result "0-1"]
[BlackElo "2579"]
[WhiteElo "2598"]
[LiveChessVersion "1.4.8"]

1. e4 {[%clk 0:03:03]} e5 {[%clk 0:03:03]} 2. Nf3 {[%clk 0:03:04]} Nc6
{[%clk 0:03:04]} 3. Bc4 {[%clk 0:03:05]} Bc5 {[%clk 0:03:05]} 4. c3
{[%clk 0:03:06]} Nf6 {[%clk 0:03:05]} 5. d3 {[%clk 0:03:07]} d6 {[%clk 0:03:03]}
6. O-O {[%clk 0:03:07]} O-O {[%clk 0:03:03]} 7. Re1 {[%clk 0:03:07]} Bb6
{[%clk 0:03:01]} 8. Nbd2 {[%clk 0:03:04]} Ne7 {[%clk 0:03:00]} 9. Bb3
{[%clk 0:02:58]} c6 {[%clk 0:02:59]} 10. Nf1 {[%clk 0:02:57]} Ng6
{[%clk 0:02:58]} 11. Ng3 {[%clk 0:02:54]} h6 {[%clk 0:02:57]} 12. h3
{[%clk 0:02:45]} d5 {[%clk 0:02:57]} 13. exd5 {[%clk 0:02:44]} Nxd5
{[%clk 0:02:58]} 14. d4 {[%clk 0:02:30]} exd4 {[%clk 0:02:59]} 15. Nxd4
{[%clk 0:02:30]} Bc7 {[%clk 0:02:52]} 16. Ne4 {[%clk 0:02:20]} Re8
{[%clk 0:02:30]} 17. Bc2 {[%clk 0:02:17]} Ndf4 {[%clk 0:02:14]} 18. Bxf4
{[%clk 0:02:15]} Nxf4 {[%clk 0:02:08]} 19. Qf3 {[%clk 0:02:15]} Be5
{[%clk 0:01:19]} 20. Rad1 {[%clk 0:02:14]} Qc7 {[%clk 0:01:11]} 21. Nc5
{[%clk 0:01:47]} Qe7 {[%clk 0:01:02]} 22. b4 {[%clk 0:01:16]} Qg5
{[%clk 0:00:54]} 23. h4 {[%clk 0:00:51]} Qxh4 {[%clk 0:00:41]} 24. g3
{[%clk 0:00:36]} Nh3+ {[%clk 0:00:18]} 25. Kg2 {[%clk 0:00:31]} Qg5
{[%clk 0:00:19]} 26. Re4 {[%clk 0:00:16]} h5 {[%clk 0:00:17]} 27. Rde1
{[%clk 0:00:12]} Bg4 {[%clk 0:00:17]} 28. Qd3 {[%clk 0:00:12]} Kf8
{[%clk 0:00:06]} 29. Nf3 {[%clk 0:00:10]} Bxf3+ {[%clk 0:00:04]} 30. Qxf3
{[%clk 0:00:11]} Nf4+ {[%clk 0:00:04]} 31. Rxf4 {[%clk 0:00:06]} Bxf4
{[%clk 0:00:05]} 32. Rxe8+ {[%clk 0:00:07]} Rxe8 {[%clk 0:00:06]} 33. Qxf4
{[%clk 0:00:08]} Qxf4 {[%clk 0:00:08]} 34. gxf4 {[%clk 0:00:09]} Re2
{[%clk 0:00:09]} 35. Bb3 {[%clk 0:00:09]} b6 {[%clk 0:00:09]} 36. Nd7+
{[%clk 0:00:10]} Ke7 {[%clk 0:00:07]} 37. Ne5 {[%clk 0:00:12]} c5
{[%clk 0:00:08]} 38. b5 {[%clk 0:00:13]} f6 {[%clk 0:00:06]} 39. Nc6+
{[%clk 0:00:14]} Kd7 {[%clk 0:00:06]} 40. Nxa7 {[%clk 0:00:15]} Re1
{[%clk 0:00:05]} 41. Nc6 {[%clk 0:00:10]} Rc1 {[%clk 0:00:06]} 42. c4
{[%clk 0:00:09]} Rc3 {[%clk 0:00:06]} 43. Bd1 {[%clk 0:00:08]} Rxc4
{[%clk 0:00:05]} 44. Kg3 {[%clk 0:00:05]} h4+ {[%clk 0:00:06]} 45. Kg4
{[%clk 0:00:07]} g5 {[%clk 0:00:07]} 46. f3 {[%clk 0:00:05]} Rxf4+
{[%clk 0:00:07]} 47. Kh3 {[%clk 0:00:07]} Kd6 {[%clk 0:00:06]} 48. a4
{[%clk 0:00:08]} c4 {[%clk 0:00:06]} 49. a5 {[%clk 0:00:09]} bxa5
{[%clk 0:00:07]} 50. Nxa5 {[%clk 0:00:08]} Kc5 {[%clk 0:00:08]} 51. Nb7+
{[%clk 0:00:09]} Kb6 {[%clk 0:00:09]} 52. Nd6 {[%clk 0:00:07]} Kc5
{[%clk 0:00:09]} 53. Ne4+ {[%clk 0:00:05]} Kxb5 {[%clk 0:00:10]} 54. Kg2
{[%clk 0:00:06]} Kb4 {[%clk 0:00:11]} 55. Bc2 {[%clk 0:00:07]} c3
{[%clk 0:00:11]} 56. Bd1 {[%clk 0:00:06]} Kc4 {[%clk 0:00:11]} 57. Bc2
{[%clk 0:00:08]} Kd4 {[%clk 0:00:12]} 58. Bb1 {[%clk 0:00:08]} g4
{[%clk 0:00:12]} 59. Nd6 {[%clk 0:00:07]} Rxf3 {[%clk 0:00:11]} 60. Nf5+
{[%clk 0:00:08]} Kc4 {[%clk 0:00:08]} 61. Nxh4 {[%clk 0:00:09]} Re3
{[%clk 0:00:07]} 62. Kf2 {[%clk 0:00:10]} Rh3 {[%clk 0:00:08]} 63. Nf5
{[%clk 0:00:10]} Kb3 {[%clk 0:00:07]} 64. Ne3 {[%clk 0:00:10]} Rxe3
{[%clk 0:00:07]} 65. Kxe3 {[%clk 0:00:10]} c2 {[%clk 0:00:08]} 0-1